[Event "Stay Safe Play From Home 221"]
[Site "T#646739Emanuel Laske"]
[Date "2020.06.12"]
[Round "6"]
[White "Grizzzly"]
[Black "buzaglo"]
[Result "1/2-1/2"]
[WhiteElo "1785"]
[BlackElo "1927"]
[Annotator "TA"]
[PlyCount "96"]
[EventDate "2020.06.12"]
[EventType "swiss (blitz)"]

{[%evp 9,95,-1,0,0,13,14,13,19,28,28,49,43,62,38,63,64,75,-69,-72,-131,-120,-250,-261,-425,-420,-525,-337,-333,-347,-347,-326,-463,-424,-472,-422,-419,-405,-467,-468,-544,-504,-673,-668,-669,-644,-1156,-1125,-3436,-3477,-2213,-2178,-2451,-2408,-1939,-990,-3142,-2254,-2105,-2102,-2020,-1952,-2085,-1992,-29982,-29983,-29984,-29983,-29986,-29982,-29982,-29983,-29983,-29984,-29988,-29985,-29985,-29986,-29989,-29986,-29993,-1277,-29986,-29984,-29994,-29995,-29996,-29997,-29997]} 1. d4 e6 2. c3 d5 3. Nf3 Nf6 4. Bf4 Be7 5. e3 O-O 6. Bd3 {D02: 1 d4 d5 2 Nf3 sidelines, including 2...Nf6 3 g3 and 2...Nf6 3 Bf4.} Bd6 7. Nbd2 Bxf4 8. exf4 {The position is equal.} Qd6 9. Ne5 {[#]} Nbd7 $146 ({Predecessor:} 9... c5 10. O-O Nc6 11. Ndf3 Nd7 12. Ng5 f5 13. Ngf3 cxd4 14. cxd4 Qb4 15. Nxc6 bxc6 {0-1 (50) Carbonell Martinez,J (2083)-Lastras Hernandez,T (1885) Madrid 2010}) 10. O-O c5 11. Qe2 cxd4 12. cxd4 Nb6 13. f5 (13. Rfe1 $16) 13... exf5 $15 14. Qf3 (14. Rac1 $142) 14... Ne4 $17 15. Bxe4 {Now White is beyond hope.} (15. Qd1 $17) 15... dxe4 $19 ({Don't do} 15... fxe4 16. Qh5) 16. Qf4 $2 {[#]} (16. Qc3) 16... Qxd4 17. Rad1 Qxb2 18. Ndc4 Nxc4 ({Much less strong is} 18... Qxa2 19. Nxb6 axb6 20. Nd7) 19. Nxc4 Qxa2 20. Ne5 (20. Ne3 {was worth a try.}) 20... Be6 21. Nd7 Bxd7 22. Rxd7 Qe6 23. Rd4 a5 24. Rfd1 a4 25. Rd6 Qb3 26. Qxf5 a3 27. R6d2 a2 28. Ra1 Qb1+ 29. Rd1 {[#]} Qxd1+ $1 {[%mdl 512]} 30. Rxd1 a1=Q {[%cal Ra1d1]} 31. Qd5 Qa5 {( -> ...Qxd5)} 32. h3 Qxd5 33. Rxd5 Ra1+ 34. Kh2 f5 35. Re5 Rb1 36. f3 exf3 37. gxf3 b5 38. Kg3 b4 39. Kf4 b3 40. Rb5 b2 41. Rb3 g6 42. h4 Kg7 43. h5 Rf7 44. Rb7 Rc7 (44... Rxb7 $142 45. Ke5 Re1+ 46. Kf4 b1=Q 47. Kg3 Rg1+ 48. Kh2 Qc2+ 49. Kh3 Rh1+ 50. Kg3 Qh2#) 45. h6+ Kxh6 {Black mates.} 46. Ke5 Re1+ 47. Kf6 Rxb7 48. f4 b1=Q {Accuracy: White = 33%, Black = 81%.} 1/2-1/2

[Event "Stay Safe Play From Home 221"]
[Site "T#646739Emanuel Laske"]
[Date "2020.06.12"]
[Round "6"]
[White "Edmatuag"]
[Black "Klasman"]
[Result "1-0"]
[WhiteElo "1695"]
[BlackElo "1261"]
[Annotator "NA RC"]
[PlyCount "47"]
[EventDate "2020.06.12"]
[EventType "swiss (blitz)"]

1. e4 {[%emt 0:00:06]} f5 {[%emt 0:00:01]} 2. exf5 {[%emt 0:00:02]} Nf6 {[%emt 0:00:01]} 3. d4 {[%emt 0:00:01]} d5 {[%emt 0:00:01]} 4. Bd3 {[%emt 0:00:01]} e6 {[%emt 0:00:02]} 5. Qf3 {[%emt 0:00:01]} exf5 {[%emt 0:00:02]} 6. Bxf5 {[%emt 0:00:01]} Bxf5 {[%emt 0:00:01]} 7. Qxf5 {[%emt 0:00:01]} Nc6 {[%emt 0:00:01]} 8. Ne2 {[%emt 0:00:01]} Be7 {[%emt 0:00:04]} 9. Qe6 {[%emt 0:00:04]} Qd6 {[%emt 0:00:05]} 10. Qxd6 {[%emt 0:00:02]} Bxd6 {[%emt 0:00:01]} 11. Nbc3 {[%emt 0:00:00]} O-O {[%emt 0:00:01]} 12. Bg5 {[%emt 0:00:01]} Bb4 {[%emt 0:00:04]} 13. O-O-O {[%emt 0:00:02]} Ne4 {[%emt 0:00:05]} 14. Nxe4 {[%emt 0:00:03]} dxe4 {[%emt 0:00:01]} 15. Be3 {[%emt 0:00:02]} Bd6 {[%emt 0:00:05]} 16. c4 {[%emt 0:00:02]} a5 {[%emt 0:00:03]} 17. a3 {[%emt 0:00:01]} b6 {[%emt 0:00:03]} 18. c5 {[%emt 0:00:02]} Be7 {[%emt 0:00:04]} 19. d5 {[%emt 0:00:02]} Ne5 {[%emt 0:00:01]} 20. c6 {[%emt 0:00:02]} Nc4 {[%emt 0:00:02]} 21. Rhf1 {[%emt 0:00:03]} Bf6 {[%emt 0:00:01]} 22. Nd4 {[%emt 0:00:04]} b5 {[%emt 0:00:05]} 23. Kb1 {[%emt 0:00:02]} b4 {[%emt 0:00:01]} 24. a4 {[%emt 0:00:02] Time (Lag: Av=0.49s, max=0.8s)} 1-0

[Event "Stay Safe Play From Home 221"]
[Site "T#646739Emanuel Laske"]
[Date "2020.06.12"]
[Round "7"]
[White "Fischer_11"]
[Black "Grizzzly"]
[Result "1-0"]
[WhiteElo "2083"]
[BlackElo "1792"]
[Annotator "NA RC"]
[PlyCount "55"]
[EventDate "2020.06.12"]
[EventType "swiss (blitz)"]

1. e4 {[%emt 0:00:01]} c5 {[%emt 0:00:01]} 2. c3 {[%emt 0:00:01]} d6 {[%emt 0:00:00]} 3. d4 {[%emt 0:00:01]} cxd4 {[%emt 0:00:01]} 4. cxd4 {[%emt 0:00:00]} g6 {[%emt 0:00:01]} 5. Nc3 {[%emt 0:00:02]} Bg7 {[%emt 0:00:00]} 6. Nf3 {[%emt 0:00:01]} Nc6 {[%emt 0:00:02]} 7. Be3 {[%emt 0:00:00]} e6 {[%emt 0:00:02]} 8. Bd3 {[%emt 0:00:02]} Nge7 {[%emt 0:00:01]} 9. O-O {[%emt 0:00:00]} O-O {[%emt 0:00:01]} 10. Rc1 {[%emt 0:00:00]} a6 {[%emt 0:00:01]} 11. Bb1 {[%emt 0:00:01]} Bd7 {[%emt 0:00:01]} 12. Qd2 {[%emt 0:00:00]} Rc8 {[%emt 0:00:01]} 13. Bh6 {[%emt 0:00:00]} Na5 {[%emt 0:00:01]} 14. Bxg7 {[%emt 0:00:01]} Kxg7 {[%emt 0:00:01]} 15. b3 {[%emt 0:00:02]} b6 {[%emt 0:00:02]} 16. Rfd1 {[%emt 0:00:01]} Nac6 {[%emt 0:00:03]} 17. Qg5 {[%emt 0:00:03]} d5 {[%emt 0:00:01]} 18. e5 {[%emt 0:00:02]} Nf5 {[%emt 0:00:01]} 19. Qg4 {[%emt 0:00:02]} Qe7 {[%emt 0:00:02]} 20. h4 {[%emt 0:00:05]} Qb4 {[%emt 0:00:01]} 21. h5 {[%emt 0:00:01]} Ncxd4 {[%emt 0:00:00]} 22. Nxd4 {[%emt 0:00:04]} Rxc3 {[%emt 0:00:04]} 23. Nxf5+ {[%emt 0:00:01]} exf5 {[%emt 0:00:07]} 24. Qxb4 {[%emt 0:00:00]} Rxc1 {[%emt 0:00:02]} 25. Rxc1 {[%emt 0:00:00]} Rd8 {[%emt 0:00:02]} 26. Qd6 {[%emt 0:00:01]} gxh5 {[%emt 0:00:04]} 27. Qf6+ {[%emt 0:00:01]} Kg8 {[%emt 0:00:01]} 28. Qxd8+ {[%emt 0:00:00] Grizzzly gibt auf (Lag: Av=0.23s, max=0.3s)} 1-0

[Event "Stay Safe Play From Home 221"]
[Site "T#646739Emanuel Laske"]
[Date "2020.06.12"]
[Round "7"]
[White "Lazieri3"]
[Black "Hermann53"]
[Result "1-0"]
[WhiteElo "2010"]
[BlackElo "898"]
[Annotator "NA RC"]
[PlyCount "45"]
[EventDate "2020.06.12"]
[EventType "swiss (blitz)"]

1. e4 {[%emt 0:00:01]} g6 {[%emt 0:00:01]} 2. Nc3 {[%emt 0:00:00]} Bg7 {[%emt 0:00:01]} 3. d4 {[%emt 0:00:00]} c5 {[%emt 0:00:02]} 4. Be3 {[%emt 0:00:00]} Nc6 {[%emt 0:00:01]} 5. dxc5 {[%emt 0:00:01]} d6 {[%emt 0:00:03]} 6. cxd6 {[%emt 0:00:01]} exd6 {[%emt 0:00:01]} 7. Bd3 {[%emt 0:00:01]} Nge7 {[%emt 0:00:01]} 8. Qd2 {[%emt 0:00:01]} Nb4 {[%emt 0:00:04]} 9. Nf3 {[%emt 0:00:02]} Bxc3 {[%emt 0:00:04]} 10. Qxc3 {[%emt 0:00:03]} Nec6 {[%emt 0:00:07]} 11. Qxh8+ {[%emt 0:00:03]} Kd7 {[%emt 0:00:02]} 12. Qxd8+ {[%emt 0:00:04]} Nxd8 {[%emt 0:00:01]} 13. a3 {[%emt 0:00:02]} Nxc2+ {[%emt 0:00:01]} 14. Bxc2 {[%emt 0:00:01]} b6 {[%emt 0:00:02]} 15. Ba4+ {[%emt 0:00:01]} Nc6 {[%emt 0:00:04]} 16. Nd4 {[%emt 0:00:01]} Bb7 {[%emt 0:00:04]} 17. Rc1 {[%emt 0:00:02]} Ke7 {[%emt 0:00:02]} 18. Nxc6+ {[%emt 0:00:01]} Bxc6 {[%emt 0:00:01]} 19. Bxc6 {[%emt 0:00:00]} Ke6 {[%emt 0:00:01]} 20. Bxa8 {[%emt 0:00:01]} d5 {[%emt 0:00:00]} 21. Bxd5+ {[%emt 0:00:01]} Ke5 {[%emt 0:00:02]} 22. Rc6 {[%emt 0:00:01]} f5 {[%emt 0:00:00]} 23. f4# {[%emt 0:00:01] (Lag: Av=0.43s, max=0.7s)} 1-0

[Event "Stay Safe Play From Home 221"]
[Site "T#646739Emanuel Laske"]
[Date "2020.06.12"]
[Round "7"]
[White "buzaglo"]
[Black "Lamborghini"]
[Result "0-1"]
[WhiteElo "1920"]
[BlackElo "2315"]
[Annotator "TA"]
[PlyCount "132"]
[EventDate "2020.06.12"]
[EventType "swiss (blitz)"]

{[%evp 15,131,29,54,-80,-85,-86,-23,-25,-30,-31,-18,-58,-58,-56,-51,-49,-20,-33,-27,-77,-50,-126,-114,-200,-190,-176,-185,-1982,-577,-1999,-524,-519,-502,-505,-489,-443,-416,-464,-384,-606,-538,-672,-571,-689,-643,-611,-637,-618,-610,-1131,-1085,-956,-790,-1245,-1243,-29977,-29976,-29981,-29982,-29981,-29982,-29986,-29987,-29987,-29988,-29988,-29989,-29989,-29990,-29990,-29988,-29991,-29991,-29991,-29987,-29987,-29988,-29988,-29988,-29987,-29988,-29988,-29989,-29989,-29988,-29989,-29990,-29990,-29991,-29991,-29992,-29992,-29993,-29993,-29993,-29994,-29994,-29995,-29994,-29996,-29996,-29996,-29995,-29995,-29996,-29996,-29997,-29997,-29997,-29997,-29998,-29998,-29998,-29998,-29999,-29999,-29999,-29999]} 1. d4 d6 2. Nf3 Nf6 3. g3 g6 4. Bg2 Bg7 5. O-O O-O 6. c4 c6 7. Nc3 Qa5 {7...Bf5 deserves study. Played by Fabiano Caruana in May 2020.} 8. e4 Bg4 {[#]} 9. e5 $146 {E62: King's Indian: Fianchetto: 6...c6 and Panno Variation (6...Nc6) without ...a6.} (9. h3 $14 {stays ahead.} Bxf3 10. Bxf3 (10. Qxf3 Nbd7 $14)) ({Predecessor:} 9. h3 Bxf3 10. Bxf3 Nbd7 11. Be3 c5 12. Rc1 cxd4 13. Bxd4 Bh6 14. Bxf6 Nxf6 15. Rc2 Rac8 16. b3 Rfe8 17. Qe2 Nd7 18. e5 Nxe5 19. Bxb7 Rc7 {½-½ (122) Cordova,E (2597)-Gabuzyan,H (2605) Burlingame 2019}) 9... dxe5 $17 10. dxe5 {[#]} Bxf3 (10... Nfd7 $1 $17 11. Bf4 Rd8) 11. Qxf3 {Black has an edge.} Qxe5 12. Bf4 Qf5 13. Qe2 Re8 $1 14. Rad1 e5 15. Be3 e4 16. Bd4 Nbd7 17. Qe3 h5 18. h4 {Black converts the advantage convincingly.} (18. b3 $15) 18... Ng4 19. Qc1 (19. Qe1 $17 Bxd4 20. Rxd4) 19... Bxd4 $19 20. Rxd4 {[%cal Rc3e4] [#]} Nc5 $1 21. Re1 $2 (21. b4 Qe5 22. Ne2) 21... Nd3 (21... Qxf2+ $142 22. Kh1 Qxg3) 22. Qe3 Nxe1 (22... Nxe3 $142 23. Rxd3 Nxg2) 23. Qxe1 Rad8 24. Rxe4 Rxe4 25. Bxe4 Qf6 26. Bg2 Kg7 27. Ne4 (27. Bf1 $142) 27... Qd4 28. Ng5 Rd7 29. Nf3 Qd1 30. Qxd1 Rxd1+ {[%mdl 4096] Endgame KRN-KBN} 31. Bf1 Rb1 32. Kg2 Rxb2 {[%mdl 64] Double Attack} 33. Nd4 Ne3+ 34. Kf3 Nxf1 35. Nb3 Nd2+ {Black mates.} 36. Nxd2 Rxd2 {KR-KP} 37. a4 Ra2 38. c5 Rxa4 39. Ke3 Rc4 40. f4 Rxc5 41. f5 gxf5 {KR-KPP} 42. g4 Kf6 43. g5+ Kg6 44. Kd4 {[#]} f6 $1 45. Kxc5 fxg5 46. hxg5 Kxg5 {KP-KP} 47. Kd4 Kg4 48. Ke3 Kg3 49. Ke2 Kg2 50. Ke1 h4 51. Ke2 h3 52. Ke3 h2 53. Kf4 h1=Q 54. Ke5 Qe1+ 55. Kf6 c5 56. Kg5 c4 57. Kf4 c3 58. Kg5 {[#]} f4 $1 59. Kf6 (59. Kxf4 c2) 59... c2 60. Kf5 f3 61. Kg4 f2 62. Kf4 f1=Q+ 63. Kg4 Qf3+ 64. Kg5 Qe5+ 65. Kg6 Qff6+ 66. Kh7 Qg7# {Accuracy: White = 23%, Black = 57%.} 0-1

[Event "Stay Safe Play From Home 221"]
[Site "T#646739Emanuel Laske"]
[Date "2020.06.12"]
[Round "7"]
[White "EL sanbary"]
[Black "Klasman"]
[Result "1-0"]
[WhiteElo "1912"]
[BlackElo "1258"]
[Annotator "TA"]
[PlyCount "47"]
[EventDate "2020.06.12"]
[EventType "swiss (blitz)"]

{[%evp 9,47,20,16,19,14,16,25,30,21,0,20,-14,133,0,72,85,135,147,174,97,115,111,121,124,149,24,14,26,630,360,839,824,1059,1056,1487,1507,1388,892,837,783]} 1. c4 f5 2. g3 Nf6 3. Bg2 e6 4. Nc3 c5 {[#]} 5. e4 $146 ({Predecessor:} 5. Nf3 Nc6 6. d4 cxd4 7. Nxd4 Bc5 8. Nb3 Be7 9. O-O O-O 10. c5 b6 11. e4 fxe4 12. Nxe4 bxc5 13. Nd6 {1-0 (31) Shchekachev,A (2510)-Murey,J (2440) Corsica 1997}) 5... fxe4 6. Nxe4 {A10: English Opening: Unusual Replies for Black.} Nc6 7. Ne2 d5 8. cxd5 {White has an edge.} exd5 9. Nxf6+ Qxf6 10. O-O {Nf4 is the strong threat.} Be6 (10... Bg4 $1 $11 {remains equal.}) 11. Nc3 ({White should play} 11. Nf4 $16 O-O-O 12. Nxe6 Qxe6 13. d4) 11... d4 (11... O-O-O $11) 12. Ne4 $16 Qg6 13. d3 Be7 {[#]} 14. Bf4 (14. Bg5 $1 $18) 14... O-O 15. Rc1 $36 {[%mdl 2048] White has strong initiative.} Rxf4 16. gxf4 Rf8 17. Qf3 (17. Nxc5 $16 Bd5 18. Ne4) 17... Ne5 $1 $11 {[%cal Re5f3]} 18. Qg3 Qf5 $2 {[%mdl 8192] A mistake that costs the game.} (18... Qxg3 $11 19. fxg3 Nxd3 {[%mdl 64] Double Attack}) 19. Nxc5 Bxa2 $2 (19... Bxc5 20. fxe5 (20. Rxc5 Nf3+ {[%mdl 64] Discovered Attack} 21. Qxf3 Qxc5 $14) 20... b6) 20. fxe5 $18 {White is clearly winning.} Bxc5 21. Rxc5 b6 {[#]} 22. Rc7 $1 {[%csl Gc7][%cal Rg3g7][%mdl 64] Double Attack} g6 23. e6 Bxe6 24. f4 {Accuracy: White = 47%, Black = 26%.} 1-0

[Event "Stay Safe Play From Home 221"]
[Site "T#646739Emanuel Laske"]
[Date "2020.06.12"]
[Round "7"]
[White "Edmatuag"]
[Black "Mepe_Nika"]
[Result "0-1"]
[WhiteElo "1698"]
[BlackElo "2350"]
[Annotator "TA"]
[PlyCount "76"]
[EventDate "2020.06.12"]
[EventType "swiss (blitz)"]

{[%evp 9,76,27,36,15,23,17,11,22,31,-247,-243,-479,-479,-604,-579,-569,-533,-555,-522,-606,-587,-593,-460,-618,-564,-720,-707,-797,-785,-902,-881,-1749,-1773,-1757,-1739,-1910,-1930,-2206,-2211,-2767,-2747,-29986,-2042,-29980,-29982,-6837,-6399,-6087,-5989,-29983,-29984,-29985,-29986,-29988,-29988,-29991,-29991,-29991,-29992,-29992,-29993,-29993,-29994,-29994,-29995,-29996,-29996,-29996,-29996]} 1. e4 g6 2. Nf3 Bg7 3. d4 d6 4. Nc3 Nf6 5. Be3 O-O 6. Bd3 {B08: Pirc Defence: Classical System.} Bg4 7. Qd2 Nc6 8. O-O-O {The position is equal.} e5 {[#]} 9. Rde1 $146 {[%mdl 8192]} (9. dxe5 $1 $14 {keeps the upper hand.} dxe5 10. Kb1) ({Predecessor:} 9. d5 Ne7 10. Bh6 c6 11. dxc6 Nxc6 12. h4 Nd4 13. Rhe1 Bxf3 14. gxf3 Nxf3 15. Qe3 Nxe1 16. Rxe1 {0-1 (38) Retief,E-Adam,M Durban 2014}) 9... Bxf3 $1 $19 10. gxf3 $2 (10. d5 Nd4 11. gxf3 Nxf3 {[%mdl 64] Double Attack} 12. Qe2 Nxe1 13. Qxe1) 10... exd4 11. Bh6 dxc3 12. bxc3 Qe7 13. h4 Nh5 14. Reg1 Qe5 15. Bxg7 Qxg7 16. Rg5 Ne5 17. Rxh5 gxh5 18. Qe1 Kh8 19. Rg1 Nxf3 20. Qd1 Qxg1 21. Qxg1 Nxg1 22. f4 Nf3 23. Be2 Nxh4 24. Bxh5 Rae8 25. Bf3 Ng6 (25... Nxf3 $142 26. c4 h5 27. c5 Rxe4 28. cxd6 cxd6 29. Kb2 h4 30. Kb3 h3 31. c3 h2 32. Kc2 h1=Q 33. f5 Re2+ 34. Kb3 {[#]} Qb1+ $1 {[%mdl 576] Double Attack} 35. Kc4 Ne5+ 36. Kd5 Qd3#) 26. Bh1 Nxf4 27. Kd2 h5 28. Ke3 Nd5+ 29. Kd4 Nf6 {Black mates.} 30. e5 Rxe5 31. Bxb7 Rg8 32. Bf3 {[#]} Rg4+ $1 {[%mdl 64] Promotion} 33. Bxg4 hxg4 34. c4 g3 35. c5 g2 36. cxd6 g1=Q+ 37. Kc3 cxd6 38. Kb2 Qc5 {White did not feel at home in the position after the opening.} 0-1

[Event "Stay Safe Play From Home 221"]
[Site "T#646739Emanuel Laske"]
[Date "2020.06.12"]
[Round "7"]
[White "Trotsky"]
[Black "Little champs"]
[Result "0-1"]
[WhiteElo "1631"]
[BlackElo "2194"]
[Annotator "RC"]
[PlyCount "64"]
[EventDate "2020.06.12"]
[EventType "swiss (blitz)"]

1. d4 {[%emt 0:00:01]} d5 {[%emt 0:00:01]} 2. e3 {[%emt 0:00:00]} c6 {[%emt 0:00:00]} 3. c4 {[%emt 0:00:00]} Nf6 {[%emt 0:00:00]} 4. Nc3 {[%emt 0:00:01]} dxc4 {[%emt 0:00:00]} 5. Bxc4 {[%emt 0:00:01]} a6 {[%emt 0:00:00]} 6. Qc2 {[%emt 0:00:01]} b5 {[%emt 0:00:01]} 7. Bd3 {[%emt 0:00:00]} g6 {[%emt 0:00:00]} 8. Nf3 {[%emt 0:00:01]} Bg7 {[%emt 0:00:00]} 9. Bd2 {[%emt 0:00:02]} O-O {[%emt 0:00:01]} 10. Ng5 {[%emt 0:00:00]} Bb7 {[%emt 0:00:02]} 11. h4 {[%emt 0:00:00]} Nbd7 {[%emt 0:00:01]} 12. h5 {[%emt 0:00:00]} e5 {[%emt 0:00:01]} 13. hxg6 {[%emt 0:00:01]} hxg6 {[%emt 0:00:01]} 14. Bxg6 {[%emt 0:00:01]} fxg6 {[%emt 0:00:00]} 15. Qxg6 {[%emt 0:00:01]} Qe8 {[%emt 0:00:01]} 16. Qc2 {[%emt 0:00:03]} exd4 {[%emt 0:00:01]} 17. Nce4 {[%emt 0:00:06]} dxe3 {[%emt 0:00:02]} 18. Bxe3 {[%emt 0:00:01]} c5 {[%emt 0:00:02]} 19. O-O-O {[%emt 0:00:01]} Bxe4 {[%emt 0:00:02]} 20. Nxe4 {[%emt 0:00:02]} Qxe4 {[%emt 0:00:01]} 21. Qb3+ {[%emt 0:00:01]} c4 {[%emt 0:00:01]} 22. Qc3 {[%emt 0:00:04]} Ng4 {[%emt 0:00:01]} 23. Rh8+ {[%emt 0:00:03]} Bxh8 {[%emt 0:00:01]} 24. Bd4 {[%emt 0:00:02]} Nde5 {[%emt 0:00:05]} 25. Rh1 {[%emt 0:00:02]} Nd3+ {[%emt 0:00:01]} 26. Kc2 {[%emt 0:00:02]} Qxd4 {[%emt 0:00:01]} 27. Qxd4 {[%emt 0:00:01]} Bxd4 {[%emt 0:00:01]} 28. f3 {[%emt 0:00:00]} Ne3+ {[%emt 0:00:01]} 29. Kd2 {[%emt 0:00:02]} Nxb2 {[%emt 0:00:03]} 30. Re1 {[%emt 0:00:03]} c3+ {[%emt 0:00:01]} 31. Kc1 {[%emt 0:00:02]} Nd3+ {[%emt 0:00:01]} 32. Kb1 {[%emt 0:00:03]} c2# {[%emt 0:00:00] (Lag: Av=0.52s, max=0.8s)} 0-1

[Event "Stay Safe Play From Home 221"]
[Site "T#646739Emanuel Laske"]
[Date "2020.06.12"]
[Round "8"]
[White "Mepe_Nika"]
[Black "Trotsky"]
[Result "1-0"]
[WhiteElo "2351"]
[BlackElo "1630"]
[Annotator "TA"]
[PlyCount "37"]
[EventDate "2020.06.12"]
[EventType "swiss (blitz)"]

{[%evp 9,36,20,21,16,16,26,21,0,52,56,41,48,74,94,118,114,93,27,115,7,320,328,245,145,786,781,759,59,29999]} 1. b3 c5 2. Bb2 Nc6 3. e4 e6 4. f4 d6 5. Nf3 Qc7 6. Bb5 {[#] B20: Sicilian: Unusual White 2nd moves.} (6. Bd3 {looks sharper.} Nf6 7. e5 Nd5 8. g3 Ndb4 9. Bb5) 6... a6 $146 ({Predecessor:} 6... Bd7 7. Bxc6 Bxc6 8. d3 d5 9. Nbd2 dxe4 10. Be5 Qd7 11. Nxe4 f6 12. Bb2 Nh6 {1-0 (28) Labarthe,A (1908)-Goidts,B (1602) Arvier 2010}) 7. Bxc6+ Qxc6 8. Nc3 {The position is equal.} b6 (8... Nf6 $11) 9. Qe2 $14 Bb7 10. O-O-O Be7 11. d4 $36 {[%mdl 2048] White is in control.} cxd4 12. Nxd4 Qc7 13. Kb1 ({White should try} 13. g4 $16) 13... Nf6 (13... b5 $11 {keeps the balance.}) 14. e5 (14. g4 $16) 14... Nd5 $2 {[%mdl 8192] [#]} (14... dxe5 $11 15. fxe5 Nd7) 15. Nxd5 $18 Bxd5 16. Nf5 (16. exd6 $18 Qxd6 17. c4) 16... O-O $2 {[%mdl 8192]} (16... exf5 $16 17. Rxd5 O-O) 17. exd6 Bxd6 18. Qg4 $2 (18. Nxg7 $18 Rfc8 19. c4) 18... Kh8 $2 {[%mdl 8192] [#]} (18... f6 $14 19. Nxd6 Qxd6) 19. Qxg7# {Accuracy: White = 52%, Black = 22%.} 1-0

[Event "Stay Safe Play From Home 221"]
[Site "T#646739Emanuel Laske"]
[Date "2020.06.12"]
[Round "8"]
[White "Lamborghini"]
[Black "Edmatuag"]
[Result "1-0"]
[WhiteElo "2318"]
[BlackElo "1697"]
[Annotator "TA"]
[PlyCount "73"]
[EventDate "2020.06.12"]
[EventType "swiss (blitz)"]

{[%evp 9,73,160,160,163,152,166,163,73,90,91,139,139,141,35,128,81,100,68,139,139,204,202,203,203,203,203,198,196,216,203,768,212,210,212,239,216,226,222,226,225,220,222,225,208,208,208,208,208,307,307,307,300,303,225,438,299,281,0,399,248,455,385,475,458,458,458]} 1. e4 b6 2. d4 f5 3. exf5 ({Predecessor:} 3. e5 e6 4. Nf3 Bb4+ 5. Bd2 Qe7 6. Be2 a5 7. a3 Nc6 8. axb4 Bb7 9. bxa5 bxa5 10. O-O {1-0 (30) Kepinski,J (1706)-Hayes,A (1800) FICGS email 2011}) 3... Nf6 4. Bg5 Bb7 5. Bxf6 exf6 {[#]} 6. Qh5+ $1 {B00: Queen's Fianchetto Defence, Nimzowitsch Defence.} Ke7 7. Nc3 {aiming for 0-0-0.} Qe8 8. Qxe8+ (8. Qh3 $18 {and White stays clearly on top.}) 8... Kxe8 $16 9. O-O-O Na6 10. f3 Bb4 11. Nb5 (11. Nge2 $16) 11... Kd8 ({Better is} 11... c6 $14) 12. c3 Be7 13. c4 c5 (13... c6 $14 14. Nc3 Kc7) 14. d5 d6 (14... Bf8 $16 {keeps fighting.} 15. Kb1 Nc7) 15. Ne2 $18 Nc7 16. Nxc7 Kxc7 17. Nf4 Bc8 18. Bd3 Bd7 19. Rhe1 Rhg8 $2 (19... Bd8 20. b3 Kb7) 20. h4 $2 (20. Rxe7 Kd8 21. Rde1) 20... Rae8 21. h5 Bd8 22. Kc2 Re5 23. Ne6+ Bxe6 24. fxe6 g6 25. hxg6 hxg6 26. f4 Rxe1 27. Rxe1 {[%mdl 4096] [#] Endgame And now e7 would win. KRB-KRB} Be7 28. Rh1 Rg7 (28... a6 {was called for.} 29. Rh7 Kd8) 29. Rh8 f5 30. b3 Bf6 31. Rf8 Bd4 $2 (31... Be7 {was necessary.} 32. Ra8 Kb7) 32. Ra8 Kb7 33. Rf8 (33. Rh8 $142) 33... Kc7 34. a3 a5 $2 (34... Ba1 35. Be2 Re7) 35. g3 Ba1 36. Kd2 Bd4 37. Ke2 {Accuracy: White = 61%, Black = 46%.} 1-0

[Event "Stay Safe Play From Home 221"]
[Site "T#646739Emanuel Laske"]
[Date "2020.06.12"]
[Round "8"]
[White "Little champs"]
[Black "EL sanbary"]
[Result "1-0"]
[WhiteElo "2195"]
[BlackElo "1912"]
[Annotator "TA"]
[PlyCount "65"]
[EventDate "2020.06.12"]
[EventType "swiss (blitz)"]

{[%evp 9,64,0,0,0,2,0,14,15,59,0,8,0,62,32,41,40,37,6,95,85,76,28,61,67,339,317,331,356,439,417,437,345,628,345,988,711,980,714,933,575,564,565,749,731,782,744,939,776,775,762,1185,782,29964,29965,29999,29984,29999]} 1. d4 d5 2. e3 e6 3. Nf3 Nf6 4. Be2 Be7 5. O-O O-O 6. c4 {D05: Colle System with ...e6.} b6 7. Nc3 dxc4 8. Bxc4 {The position is equal.} Ba6 9. Bd3 ({White should play} 9. Bxa6 $14 Nxa6 10. Qe2) 9... Bxd3 $11 10. Qxd3 Nbd7 (10... c5 $11) 11. Rd1 c5 {[#]} 12. e4 $146 ({Predecessor:} 12. Qc2 Rc8 13. Qa4 Qc7 14. Bd2 Qb7 15. Qb3 c4 16. Qc2 b5 17. a3 a5 18. Ne2 {1-0 (60) Czucz,A (1814)-Milanov,J (1973) Bratislava 2003}) 12... cxd4 13. Qxd4 Nc5 (13... Bc5 $11 14. Qd3 Qc7) 14. e5 $16 Qxd4 15. Nxd4 Nfe4 16. Nc6 $36 {[%mdl 2048] White has some pressure.} Nxc3 $4 {[%mdl 8192] This move loses the game for Black.} (16... Bh4 $1 $14) 17. Nxe7+ $18 Kh8 18. bxc3 Rfd8 {[%cal Rd8d1] [#]} 19. Be3 Ne4 20. Bd4 a5 $2 (20... Rd7 21. f3 Nxc3) 21. Nc6 Rdb8 $2 (21... Rdc8 22. f3 (22. Bxb6 Rxc6 23. Bxa5 h5 $14) 22... Nxc3) 22. f3 Nc5 23. Bxc5 bxc5 24. Rab1 Rc8 25. Rd6 g6 26. Rb7 Kg7 27. f4 g5 28. g3 gxf4 29. gxf4 Kg6 30. Kg2 Kf5 31. Kf3 {[%cal Rc6e7] White mates.} f6 32. Rf7 {[%csl Ge5][%cal Rf7f6]} Rf8 33. Ne7# {Accuracy: White = 54%, Black = 24%.} 1-0